[Event "London CSC Weekend U2050 op 10th"]
[Site "London"]
[Date "2018.12.16"]
[Round "4"]
[White "Roch, Florian"]
[Black "Graff, Coby"]
[Result "1/2-1/2"]
[WhiteElo "1861"]
[BlackElo "1606"]
[PlyCount "73"]
[EventDate "2018.12.14"]
[EventType "swiss"]
[EventRounds "5"]
[EventCountry "ENG"]
[SourceTitle "EXT 2020"]
[Source "ChessBase"]
[SourceDate "2019.10.17"]
[SourceVersion "1"]
[SourceVersionDate "2019.10.17"]
[SourceQuality "1"]

1. e4 e5 2. Nf3 Nf6 3. Nxe5 Nxe4 4. Qe2 Qe7 5. Qxe4 d6 6. d4 dxe5 7. Qxe5 Qxe5+ 8. dxe5 Nc6 9. Bb5 Bd7 10. 0-0 Nxe5 11. Bxd7+ Kxd7 12. Bf4 Bd6 13. Rd1 Rae8 14. Nc3 Kc6 15. Kf1 Nc4 16. Bxd6 Nxd6 17. Rd3 Re5 18. Ne2 Rhe8 19. Nd4+ Kd7 20. Rad1 Kc8 21. b3 h6 22. c4 Nf5 23. Nb5 a6 24. Nc3 b6 25. g3 Kb7 26. Kg2 g5 27. h3 Nd6 28. Nd5 Ne4 29. Ne3 Nd6 30. Ng4 R5e6 31. Rc3 f5 32. Ne3 Re5 33. Nd5 R8e6 34. Rcd3 Re2 35. R3d2 Kc6 36. Nb4+ Kb7 37. Nd5 1/2-1/2